000 00761nam a2200217 i 4500
001 78764
003 ES-MaACL
005 20250831013820.0
007 t|
008 041015s1979 xr ||||1| spa d
100 1 _aHall, Gus.
_961564
245 1 3 _aLa crisis de una vida cotidiana y las victorias en la lucha por superarla /
_cGus Hall.
260 _aPraga :
_bAgencia de Prensa Orbis,
_c1979.
300 _a100 p. ;
_c19 cm.
651 4 _aEstados Unidos-
_xSituación económica
_98572
651 4 _aEstados Unidos-
_xSituación social-
_y1945-1989.
_9156726
651 4 _aEstados Unidos-
_xPolítica y gobierno-
_y1969-1974.
_9162155
710 2 _aAgencia de Prensa Orbis (Praga)
_9172783
852 _aES-MaACL
_jA-10872
999 _c78764
_d78764